| 000 | 00996cpcaa2200289 a 4500 | ||
|---|---|---|---|
| 001 | mm 82040212 | ||
| 003 | DLC | ||
| 005 | 20260227111714.0 | ||
| 008 | 820525|||||||||||| eng | ||
| 010 | _amm 82040212 | ||
| 040 |
_aDLC _cDLC _dDLC _edacs _dDLC |
||
| 072 | 7 |
_aN _2lcmd |
|
| 100 | 1 | _aSlack, C. | |
| 245 | 0 | 0 |
_aLetterpress book of C. Slack, _f1846-1848. |
| 300 |
_a1 _fvolume. |
||
| 300 |
_a1 _fcontainer. |
||
| 300 |
_a0.2 _flinear feet. |
||
| 506 | 0 | _aOpen to research. | |
| 545 | 0 | _aRailroad official. | |
| 520 | 8 | _aLetterpress book kept by Slack as an official of the Baltimore and Ohio Railroad at Cumberland, Md. | |
| 546 | _aCollection material in English. | ||
| 610 | 2 | 0 | _aBaltimore and Ohio Railroad Company. |
| 650 | 0 |
_aRailroads _zMaryland _zCumberland. |
|
| 656 | 7 |
_aRailroad officials. _2itoamc |
|
| 999 |
_c43592 _d43592 |
||